[Event "FRA-ch U14 Girls"]
[Site "Le Grand Bornand"]
[Date "2003.??.??"]
[Round "1.10"]
[White "Guyon, Cindy"]
[Black "Bismuth, Ilana"]
[Result "1-0"]
[WhiteElo "1760"]
[BlackElo "1390"]
[PlyCount "85"]
[EventDate "2003.??.??"]
[EventType "swiss"]
[EventRounds "9"]
[EventCountry "FRA"]
[SourceTitle "EXT 2004"]
[Source "ChessBase"]
[SourceDate "2003.11.25"]
[SourceVersion "1"]
[SourceVersionDate "2003.11.25"]
[SourceQuality "1"]

1. d4 f5 2. c4 Nf6 3. Nc3 d6 4. Nf3 Nbd7 5. Bf4 b6 6. e3 Bb7 7. Be2 e5 8. Bg5 Be7 9. Bxf6 Bxf6 10. d5 0-0 11. e4 fxe4 12. Nxe4 Rc8 13. 0-0 Qe7 14. Qd3 Rfd8 15. Rfd1 Nc5 16. Nxc5 dxc5 17. Qc2 c6 18. Rab1 cxd5 19. cxd5 Bxd5 20. Rxd5 Rxd5 21. Bc4 Rcd8 22. Qb3 Kh8 23. Bxd5 e4 24. Ne1 Bd4 25. Nc2 Qf6 26. Nxd4 Qxd4 27. Rd1 Qe5 28. Bc4 Rxd1+ 29. Qxd1 h6 30. b3 e3 31. fxe3 Qxe3+ 32. Kh1 Qe7 33. Qe2 Qd7 34. a4 Kh7 35. Qd3+ Qxd3 36. Bxd3+ Kg8 37. Kg1 Kf7 38. Kf2 Ke6 39. Ke3 Ke5 40. Bc4 g5 41. g4 Kf6 42. Ke4 Ke7 43. Kf5 1-0